[Event "Ct. Catalunya eq DH"]
[Site "?"]
[Date "2013.03.02"]
[Round "7.3"]
[White "Fernandez Aguado, E."]
[Black "Libiszewski, F."]
[Result "1/2-1/2"]
[WhiteElo "2419"]
[BlackElo "2505"]
[PlyCount "78"]
[EventDate "2013.??.??"]
[EventType "tourn"]
[EventRounds "11"]

1. d4 Nf6 2. c4 g6 3. Nc3 Bg7 4. e4 d6 5. f3 O-O 6. Bg5 c5 7. Nge2 Qa5 8. Qd2
Nc6 9. d5 Ne5 10. Nc1 a6 11. Be2 b5 12. cxb5 axb5 13. Nxb5 Bd7 14. a4 Rfb8 15.
Ra3 c4 16. Qxa5 Rxa5 17. Bd2 Raa8 18. f4 Neg4 19. h3 Nh6 20. Nc3 Ne8 21. g4 f5
22. exf5 gxf5 23. g5 Nf7 24. Ra2 Rb4 25. a5 Nc7 26. Nd1 Nxd5 27. Bf3 Rb5 28. a6
Bc6 29. Ne3 Nb4 30. Bxc6 Nxc6 31. Nxc4 d5 32. Ne3 Nd6 33. Nd3 e6 34. b4 Ne4 35.
Nc5 Nxd2 36. Nxe6 Bc3 37. Nxf5 Re8 38. Nh6+ Kh8 39. Nf7+ Kg8 1/2-1/2

[Event "Ct. Catalunya eq DH"]
[Site "?"]
[Date "2013.03.02"]
[Round "7.3"]
[White "Granados Gomez, M."]
[Black "Alonso Moyano, J."]
[Result "1-0"]
[WhiteElo "2386"]
[BlackElo "2409"]
[PlyCount "65"]
[EventDate "2013.??.??"]
[EventType "tourn"]
[EventRounds "11"]

1. e4 c5 2. c4 Nc6 3. Nc3 g6 4. g3 Bg7 5. Bg2 a6 6. Nge2 Rb8 7. O-O b5 8. d3 b4
9. Na4 d6 10. Be3 Bd7 11. Rc1 Qa5 12. b3 Nd4 13. Nxd4 Bxd4 14. Bxd4 cxd4 15.
Nb2 Nf6 16. c5 dxc5 17. e5 Ng4 18. Re1 h5 19. Bd5 e6 20. Nc4 Qc7 21. Bf3 Nh6
22. Nd6+ Kf8 23. Ne4 Rb5 24. Qd2 Be8 25. Nxc5 Qa7 26. Rc4 Nf5 27. Rec1 a5 28.
Be4 Qb8 29. Bxf5 exf5 30. Qf4 Qb6 31. Qxd4 Kg8 32. e6 fxe6 33. Qf6 1-0

[Event "Ct. Catalunya eq DH"]
[Site "?"]
[Date "2013.03.02"]
[Round "7.3"]
[White "Rodriguez Cespedes, A."]
[Black "Baron Isanta, JM."]
[Result "1-0"]
[WhiteElo "2472"]
[BlackElo "2414"]
[PlyCount "45"]
[EventDate "2013.??.??"]
[EventType "tourn"]
[EventRounds "11"]

1. e4 d5 2. exd5 Qxd5 3. Nc3 Qd6 4. d4 Nf6 5. Nf3 Bg4 6. h3 Bh5 7. g4 Bg6 8.
Ne5 c6 9. Bg2 Nbd7 10. f4 e6 11. h4 h5 12. g5 Nd5 13. Nxg6 fxg6 14. Qd3 Ne7 15.
Ne4 Qc7 16. Qb3 Kf7 17. Qxb7 Qxb7 18. Nd6+ Kg8 19. Nxb7 Nb6 20. Na5 Rc8 21. Bd2
Ned5 22. O-O-O c5 23. Bh3 1-0

[Event "Ct. Catalunya eq DH"]
[Site "?"]
[Date "2013.03.02"]
[Round "7.3"]
[White "Simonet Pons, M."]
[Black "Aloma Vidal, R."]
[Result "0-1"]
[WhiteElo "2354"]
[BlackElo "2475"]
[PlyCount "124"]
[EventDate "2013.??.??"]
[EventType "tourn"]
[EventRounds "11"]

1. d4 Nf6 2. c4 g6 3. Nc3 Bg7 4. e4 d6 5. Nf3 O-O 6. Be2 e5 7. O-O Nc6 8. d5
Ne7 9. b4 Ne8 10. a4 f5 11. a5 Nf6 12. Bg5 fxe4 13. Nd2 Nf5 14. Ndxe4 Nd4 15.
Bd3 Bf5 16. Ne2 Qd7 $2 17. Bxf6 $6 (17. Nxf6+ $16 Bxf6 18. Nxd4 Bg4 (18... Bxg5
19. Bxf5 Rxf5 (19... gxf5 20. Ne6) 20. Nxf5) 19. Qd2 Bxg5 20. Qxg5 exd4 21. Qh4
Bf5 22. Qxd4 $16) 17... Nxe2+ 18. Qxe2 Bxf6 19. c5 Be7 20. a6 b6 21. cxb6 cxb6
22. Bb5 Qd8 23. Rfc1 Rc8 24. Rc6 Rxc6 25. Bxc6 $11 (25. dxc6 $5 $13) 25... Bxe4
26. Qxe4 Rf4 27. Qe1 Bg5 28. g3 Rc4 29. Bb5 Rc2 30. Qe4 Qc8 31. Bc6 (31. h4 Bd2
32. Bd3 Rb2 33. Rb1 $11) 31... Qf5 32. Qxf5 gxf5 33. Bd7 f4 34. Ra3 Kg7 35. Bf5
Rc4 36. h4 Bd8 37. Rb3 h6 38. Kg2 Kf6 39. Bg4 b5 40. Be2 Rc2 41. Bxb5 $6 (41.
Bd3 Ra2 42. gxf4 exf4 43. Kf3 Ke5 44. Bxb5 Bxh4 45. Be2 Kxd5 46. b5 $11) 41...
e4 $15 42. gxf4 Bb6 43. Kg3 Bxf2+ 44. Kg2 (44. Kg4) 44... Kf5 45. Kf1 Kxf4 46.
Be2 Bxh4 47. b5 Bd8 48. Rb4 Rc1+ 49. Kg2 Bb6 50. Bd3 Rg1+ 51. Kh2 Re1 52. Kg2
Ke5 53. Bc4 Rc1 54. Kg3 h5 55. Kh4 Rh1+ 56. Kg3 h4+ 57. Kg2 Ra1 58. Kh3 Kf4 59.
Rb3 Rh1+ 60. Kg2 Rc1 61. Be2 Rc2 62. Kf1 Be3 0-1

[Event "Ct. Catalunya eq DH"]
[Site "?"]
[Date "2013.03.02"]
[Round "7.4"]
[White "Bergez, L."]
[Black "Sanchez Ibern, M."]
[Result "1-0"]
[WhiteElo "2375"]
[BlackElo "2356"]
[PlyCount "121"]
[EventDate "2013.??.??"]
[EventType "tourn"]
[EventRounds "11"]

1. e4 c5 2. Nf3 Nc6 3. c3 d5 4. exd5 Qxd5 5. d4 Bf5 6. Be3 Nf6 7. Na3 cxd4 8.
Nxd4 Nxd4 9. Qxd4 a6 10. Nc4 Qxd4 11. Bxd4 Nd7 12. Be2 b5 13. Bf3 O-O-O 14. Ne3
Bg6 15. a4 e5 16. Ba7 Bc5 17. Bxc5 Nxc5 18. axb5 Nd3+ 19. Ke2 Nf4+ 20. Kf1 axb5
21. g3 Bd3+ 22. Kg1 Ne6 23. Kg2 e4 24. Bg4 Kb7 25. Rhe1 Nc5 26. b4 Nd7 27. Ra5
Ne5 28. Be2 Nc6 29. Bxd3 Nxa5 30. Bxe4+ Nc6 31. Nf5 Kb6 32. Nxg7 Rd2 33. Bxc6
Kxc6 34. Nf5 Rd3 35. Nd4+ Kd5 36. Re7 Rxc3 37. Nxb5 Rb3 38. Rxf7 Rxb4 39. Nc3+
Ke6 40. Ra7 Rb2 41. Ra6+ Ke5 42. Ra5+ Kd4 43. Nd5 Rc8 44. Nf6 Rf8 45. Ng4 Rf7
46. Kh3 Rb6 47. f4 Ke4 48. Re5+ Kd4 49. Ne3 Rbf6 50. Kg4 Kd3 51. f5 Rd7 52. Kg5
Rfd6 53. g4 Kd4 54. Re8 Rd8 55. Re7 R8d7 56. f6 Rxe7 57. Nf5+ Ke5 58. Nxd6 h6+
59. Kg6 Re6 60. Nf7+ Kf4 61. Nxh6 1-0

[Event "Ct. Catalunya eq DH"]
[Site "?"]
[Date "2013.03.02"]
[Round "7.4"]
[White "Hernando Rodrigo, J."]
[Black "Panelo Muñoz, MA."]
[Result "1/2-1/2"]
[WhiteElo "2380"]
[BlackElo "2468"]
[PlyCount "122"]
[EventDate "2013.??.??"]
[EventType "tourn"]
[EventRounds "11"]

1. d4 Nf6 2. c4 e6 3. Nc3 Bb4 4. e3 O-O 5. Bd3 c5 6. Nf3 d5 7. O-O dxc4 8. Bxc4
Nbd7 9. Qe2 b6 10. d5 Bxc3 11. dxe6 Ne5 12. bxc3 Nxf3+ 13. Qxf3 Bxe6 14. Ba6
Bd5 15. Qe2 Qc7 16. f3 c4 17. e4 b5 18. Be3 Qa5 19. Bxb5 Qxb5 20. exd5 Nxd5 21.
Bd4 Rfe8 22. Qd2 a6 23. Rab1 Qd7 24. Qg5 f6 25. Qg3 Re2 26. Rf2 Re7 27. Rfb2
Rae8 28. h3 h5 29. Rb8 Rxb8 30. Rxb8+ Kf7 31. Rh8 Qc7 32. Qxc7 Nxc7 33. Rxh5
Re2 34. Ra5 Rc2 35. a4 Ne6 36. Rxa6 Nxd4 37. cxd4 Rd2 38. Rc6 Rxd4 39. a5 Rd5
40. a6 Ra5 41. Kf2 Ra3 42. Rc7+ Ke6 43. Rxg7 Rxa6 44. Ke3 Rd6 45. g4 Rc6 46.
Ra7 c3 47. Ra1 c2 48. Rc1 Rc3+ 49. Kf4 Rc4+ 50. Ke3 Ke5 51. f4+ Rxf4 52. Rxc2
Rf1 53. Rc5+ Ke6 54. Rc7 f5 55. g5 f4+ 56. Ke4 f3 57. Rc6+ Ke7 58. Rf6 f2 59.
Ke3 Rg1 60. Kxf2 Rxg5 61. Rf3 Rg7 1/2-1/2

[Event "Ct. Catalunya eq DH"]
[Site "?"]
[Date "2013.03.02"]
[Round "7.4"]
[White "Pueyo Burrell, D."]
[Black "Rojas Keim, LA."]
[Result "0-1"]
[WhiteElo "2306"]
[BlackElo "2456"]
[PlyCount "56"]
[EventDate "2013.??.??"]
[EventType "tourn"]
[EventRounds "11"]

1. e4 c5 2. Nf3 Nc6 3. d4 cxd4 4. Nxd4 e5 5. Nb5 d6 6. N1c3 a6 7. Na3 Be7 8.
Nd5 Nf6 9. Nxf6+ Bxf6 10. Nc4 Be7 11. Be3 Be6 12. Nb6 Rb8 13. Be2 Bg5 14. Bxg5
Qxg5 15. O-O O-O 16. c3 Ne7 17. Bc4 Ng6 18. Bxe6 fxe6 19. Qxd6 Nf4 20. g3 Rbd8
21. Nd7 Rf7 22. h4 Qg6 23. Rad1 Rfxd7 24. Qxd7 Rxd7 25. Rxd7 Ne2+ 26. Kg2 Qxe4+
27. f3 Qg6 28. Kf2 Qc2 0-1

[Event "Ct. Catalunya eq DH"]
[Site "?"]
[Date "2013.03.02"]
[Round "7.4"]
[White "Vidarte Morales, A."]
[Black "Pham Guerrero, S."]
[Result "1-0"]
[WhiteElo "2412"]
[BlackElo "2295"]
[PlyCount "115"]
[EventDate "2013.??.??"]
[EventType "tourn"]
[EventRounds "11"]

1. d4 Nf6 2. c4 g6 3. Nc3 Bg7 4. e4 d6 5. f3 O-O 6. Nge2 a6 7. Be3 Nc6 8. Qd2
Rb8 9. Rb1 e5 10. d5 Ne7 11. Ng3 Ne8 12. Bd3 f5 13. exf5 Nxf5 14. Nxf5 Bxf5 15.
O-O Nf6 16. Bg5 Qd7 17. Rbc1 c6 $6 18. dxc6 bxc6 19. b3 Bxd3 20. Qxd3 Nh5 $2 (
20... Rbe8 21. Ne4 Nxe4 22. fxe4 Qe6 $14) 21. Rcd1 $16 Rf5 22. Be3 (22. Ne4
$142) 22... Rd8 (22... Bf8) 23. Ne4 d5 24. cxd5 cxd5 25. Qxa6 Nf4 26. Bxf4 exf4
27. Nc5 Qc8 28. Qe6+ Kh8 29. Qxc8 Rxc8 30. b4 Bc3 $14 31. Nd3 $6 Ra8 $11 32.
Kh1 Rxa2 33. b5 Bd4 $2 (33... Rf6 34. Rb1 Ra7 35. Rb3 Bd2 36. Nb4 Bxb4 37. Rxb4
Rb6 $11) 34. Nb4 $16 Rf2 35. Rxf2 Bxf2 36. Nxd5 Rf7 37. Rb1 g5 $2 (37... Rf5)
38. Nc3 $6 (38. b6 Rb7 39. g4 fxg3 40. Kg2 Kg7 41. hxg3 Bd4 42. Rb4 Bf6 43. Ra4
Kg6 44. Ra7 $18) 38... h6 39. Ne4 Bb6 40. Nd6 Rd7 41. Nc4 Bf2 $2 (41... Rb7 $16
) 42. Ne5 $6 (42. b6 $18) 42... Rd5 43. Ng4 Bb6 44. Nxh6 Kg7 45. Ng4 Kf7 46. g3
Ke6 47. Kg2 Rd2+ 48. Kh3 Rd3 49. Re1+ Kd6 50. Ne5 Rd5 51. Nc4+ Kc5 52. Nxb6
Kxb6 53. Rb1 fxg3 54. hxg3 Rd4 55. Rb3 Rc4 56. Re3 Rc5 57. Kg4 Rxb5 58. Rc3 1-0

[Event "Ct. Catalunya eq DH"]
[Site "?"]
[Date "2013.03.02"]
[Round "7.4"]
[White "Vives Esmerat, J."]
[Black "Vila Gazquez, X."]
[Result "0-1"]
[WhiteElo "2513"]
[BlackElo "2370"]
[PlyCount "98"]
[EventDate "2013.??.??"]
[EventType "tourn"]
[EventRounds "11"]

1. e4 c5 2. b3 Nf6 3. Nc3 d6 4. Bb2 g6 5. Nd5 Bg7 6. Nxf6+ exf6 7. Bc4 O-O 8.
Ne2 Re8 9. d3 f5 10. Bxg7 Kxg7 11. O-O fxe4 12. dxe4 Rxe4 13. Nc3 Re7 14. Nd5
Re8 15. Qf3 Nc6 16. Rfe1 Nd4 17. Qg3 Be6 18. Nf4 Bxc4 19. bxc4 Nxc2 20. Rxe8
Qxe8 21. Nh5+ Kf8 22. Qxd6+ Qe7 23. Qxe7+ Kxe7 24. Rc1 Nb4 25. Re1+ Kd6 26. Nf6
Nxa2 27. Nxh7 Nb4 28. Ng5 Rf8 29. Nh7 Rc8 30. Ng5 Rc7 31. Ne4+ Kc6 32. Rd1 Re7
33. f3 f5 34. Nc3 a6 35. Kf2 b5 36. Rd8 bxc4 37. Rc8+ Kb7 38. Rg8 Re6 39. Kg3
Re3 40. Rg7+ Kc8 41. Rg8+ Kc7 42. Rg7+ Kd8 43. Na4 c3 44. Nxc5 c2 45. Nb7+ Ke8
46. Nd6+ Kf8 47. Rc7 Re1 48. Rc8+ Kg7 49. Rc7+ Kf6 0-1

[Event "Ct. Catalunya eq DH"]
[Site "?"]
[Date "2013.03.02"]
[Round "7.5"]
[White "Asis Gargatagli, H."]
[Black "Pijuan Herranz, M."]
[Result "1-0"]
[WhiteElo "2513"]
[BlackElo "2370"]
[PlyCount "71"]
[EventDate "2013.??.??"]
[EventType "tourn"]
[EventRounds "11"]

1. e4 e5 2. Nf3 Nc6 3. Bc4 Bc5 4. c3 Nf6 5. d3 a6 6. Bb3 Ba7 7. h3 d6 8. Nbd2
O-O 9. Nf1 Nh5 10. Bg5 Qe8 11. Nh4 Nf4 12. g3 Ne6 13. Be3 Nc5 14. Bc2 Be6 15.
d4 exd4 16. cxd4 Nxe4 17. Bxe4 d5 18. Bf3 Qe7 19. Qd2 Bb6 20. O-O-O Ba5 21. Qc2
f5 22. Ng2 g5 23. Qb3 Rad8 24. h4 f4 25. gxf4 g4 26. Be2 Bf5 27. Ng3 Be4 28.
Nxe4 Qxe4 29. Bxg4 Rf6 30. f3 Qe8 31. f5 Nb4 32. Kb1 Rc6 33. Bg5 Rd7 34. Rhe1
Qf7 35. a3 Nc2 36. Re2 1-0

[Event "Ct. Catalunya eq DH"]
[Site "?"]
[Date "2013.03.02"]
[Round "7.5"]
[White "Escobar Torres, A."]
[Black "Bofill Mas, A."]
[Result "1/2-1/2"]
[WhiteElo "2230"]
[BlackElo "2417"]
[PlyCount "51"]
[EventDate "2013.??.??"]
[EventType "tourn"]
[EventRounds "11"]

1. Nf3 c5 2. c4 g6 3. Nc3 Bg7 4. g3 Nc6 5. Bg2 e6 6. O-O Nge7 7. d3 O-O 8. Bd2
b6 9. Qc1 Bb7 10. Bh6 Bxh6 11. Qxh6 Nf5 12. Qf4 Qb8 13. Qg5 Ncd4 14. Nxd4 Nxd4
15. Bxb7 Qxb7 16. Qf6 d5 17. h4 h5 18. cxd5 exd5 19. e4 dxe4 20. dxe4 Rae8 21.
f3 Re6 22. Qg5 f5 23. Kg2 Qe7 24. Qxe7 Rxe7 25. Rae1 fxe4 26. Nxe4 1/2-1/2

[Event "Ct. Catalunya eq DH"]
[Site "?"]
[Date "2013.03.02"]
[Round "7.5"]
[White "Jose Abril, R."]
[Black "Escandell Mari, JC."]
[Result "1-0"]
[WhiteElo "2397"]
[BlackElo "2366"]
[PlyCount "109"]
[EventDate "2013.??.??"]
[EventType "tourn"]
[EventRounds "11"]

1. d4 Nf6 2. c4 e6 3. Nc3 Bb4 4. e3 O-O 5. Bd3 c5 6. a3 Bxc3+ 7. bxc3 Nc6 8.
Ne2 b6 9. e4 Ne8 10. f4 Qh4+ 11. g3 Qh5 12. Kf2 f5 13. e5 Bb7 14. d5 Na5 15. h3
exd5 16. cxd5 Bxd5 17. g4 fxg4 18. Bxh7+ Kxh7 19. Qxd5 Nc7 20. Qe4+ Kg8 21.
hxg4 Qxg4 22. Be3 Qf5 23. Qxf5 Rxf5 24. Rad1 Rf7 25. Kg2 Re8 26. Rh5 Nc4 27.
Bc1 Re6 28. Rdh1 Kf8 29. Rh8+ Ke7 30. Rc8 Rg6+ 31. Ng3 Ne8 32. Rh5 Rc6 33. Ra8
g6 34. Rh8 Rf8 35. Rxf8 Kxf8 36. Rxa7 Rc7 37. Ra8 Ke7 38. Ne4 d6 39. e6 Ng7 40.
Rg8 Kxe6 41. Ng5+ Kd5 42. Kf3 b5 43. Nh7 Ra7 44. Nf8 Nf5 45. Nxg6 Nxa3 46. Rf8
Ng7 47. Rb8 Nc4 48. Rxb5 Ra1 49. Be3 Re1 50. Bf2 Rc1 51. Kg4 Rxc3 52. Rb7 Ne6
53. f5 Nd4 54. f6 Nf3 55. Bg3 1-0

[Event "Ct. Catalunya eq DH"]
[Site "?"]
[Date "2013.03.02"]
[Round "7.5"]
[White "Jose Queralto, D."]
[Black "Vehi Bach, VM."]
[Result "0-1"]
[WhiteElo "2287"]
[BlackElo "2370"]
[PlyCount "110"]
[EventDate "2013.??.??"]
[EventType "tourn"]
[EventRounds "11"]

1. e4 c5 2. Nf3 e6 3. d4 cxd4 4. Nxd4 Nf6 5. Bd3 Nc6 6. Nxc6 bxc6 7. O-O e5 8.
c4 Be7 9. Nc3 O-O 10. Bg5 $6 (10. Be3) 10... d6 11. Qc2 Rb8 12. Rfd1 Nd7 13.
Bxe7 Qxe7 14. Rab1 a5 15. a3 Nc5 16. b4 axb4 17. axb4 Ne6 18. Qd2 Bb7 19. Bc2
Rfd8 20. b5 c5 $6 (20... cxb5 21. Nxb5 Ba6 $11) 21. Ra1 Nd4 22. Ne2 (22. Ra7
$142 f6 (22... Ra8 $6 23. Nd5 Qd7 24. Qg5 Kf8 25. Nb6 Rxa7 26. Nxd7+ Rxd7 27.
Qg4 Rd8 28. Bd3) 23. Rda1 Qf7 (23... Ra8 24. Bd1 Qf7 (24... Rxa7 25. Rxa7 Ra8
26. Nd5 Qf7 27. Rxa8+ Bxa8 28. Qa5 $18) 25. Rxa8 Rxa8 26. Rxa8+ Bxa8 27. Qa2
$14) 24. Nd5 Rd7 25. Bd1 $14) 22... Ra8 23. Nxd4 exd4 24. Qf4 h6 25. h4 Qe6 26.
Bd3 Re8 27. Re1 Kf8 28. f3 Qe5 29. Qxe5 dxe5 30. Kf2 Ke7 31. Ke2 Kd6 32. Kd2
Kc7 33. Kc2 Kb6 34. Rxa8 (34. Kb2) 34... Rxa8 35. Kb3 (35. Kb2 h5 36. Ra1 Rh8
37. Be2 Rg8 38. Kc2 g5 39. Rh1 gxh4 40. Bf1 Rg5 41. Rxh4 Ka5 $15) 35... Bc8 36.
Kb2 Ra4 37. Ra1 Rb4+ 38. Kc2 Be6 39. Ra6+ Kb7 40. Rc6 Bxc4 41. Rxc5 Bxd3+ 42.
Kxd3 f6 43. f4 $6 (43. Rd5 $11 Kb6 44. Rd7 Kxb5 45. Rxg7 Rb3+ 46. Kd2) 43...
Kb6 44. Rd5 Rxb5 $17 45. Rd6+ (45. Rd7 Rb3+ 46. Kc4 Rc3+ 47. Kb4 exf4 48. Rxg7
Kc6 49. Rg4 Kd6 50. Rxf4 Ke5 $19) 45... Kc5 46. fxe5 fxe5 47. Re6 Rb3+ 48. Kc2
Rg3 49. Rxe5+ Kc4 50. Re7 Rxg2+ 51. Kd1 Kd3 52. Ke1 Ke3 53. Kf1 Ra2 54. Rxg7 (
54. e5 d3 55. e6 Rf2+ 56. Kg1 Rf6) 54... Ra1+ 55. Kg2 d3 0-1

[Event "Ct. Catalunya eq DH"]
[Site "?"]
[Date "2013.03.02"]
[Round "7.5"]
[White "Ryan, J."]
[Black "Grafl, F."]
[Result "0-1"]
[WhiteElo "2298"]
[BlackElo "2368"]
[PlyCount "146"]
[EventDate "2013.??.??"]
[EventType "tourn"]
[EventRounds "11"]

1. d4 f5 2. Nf3 Nf6 3. g3 e6 4. Bg2 Be7 5. O-O O-O 6. c4 d6 7. Nc3 Nc6 8. b3 e5
9. dxe5 dxe5 10. Qxd8 Bxd8 11. Ba3 e4 12. Ne1 Be7 13. Bxe7 Nxe7 14. Nc2 Be6 15.
f3 exf3 16. Bxf3 c6 17. Nd4 Bf7 18. e4 fxe4 19. Nxe4 Nxe4 20. Bxe4 Rad8 21.
Rad1 a5 22. Ne2 Be6 23. Rxf8+ Rxf8 24. Nc3 Bg4 25. Rd3 Nc8 26. Kg2 Re8 27. h3
Be6 28. g4 Na7 29. c5 Nc8 30. Rd4 Ne7 31. Kg3 Rf8 32. Bg2 Ng6 33. h4 Bc8 34.
Ne4 Nf4 35. Bf3 Nd5 36. Nd6 Nb4 37. Rf4 Rd8 38. a3 Nd3 39. Rc4 b5 40. Rc3 Ne5
41. b4 axb4 42. axb4 Nxf3 43. Rxf3 Be6 44. Re3 Bd5 45. Re7 Ra8 46. Re8+ Rxe8
47. Nxe8 Kf7 48. Nd6+ Ke6 49. Kf4 Bh1 50. Nf5 g6 51. Ne3 h6 52. g5 h5 53. Nf1
Kd5 54. Ng3 Bg2 55. Ke3 Kc4 56. Ne2 Bh3 57. Nd4 Bd7 58. Nf3 Kxb4 59. Kd4 Ka3
60. Ke5 b4 61. Kd6 Bg4 62. Ne5 b3 63. Kxc6 b2 64. Nc4+ Kb3 65. Nxb2 Kxb2 66.
Kd6 Kc3 67. Ke5 Bf5 68. Kf6 Kd4 69. c6 Ke4 70. c7 Kf4 71. c8=Q Bxc8 72. Kxg6
Kg4 73. Kh6 Bf5 0-1

[Event "Ct. Catalunya eq DH"]
[Site "?"]
[Date "2013.03.02"]
[Round "7.6"]
[White "Fernandez Cazorla, A."]
[Black "Borras Duran, P."]
[Result "1-0"]
[WhiteElo "2303"]
[BlackElo "2325"]
[PlyCount "159"]
[EventDate "2013.??.??"]
[EventType "tourn"]
[EventRounds "11"]

1. Nf3 g6 2. c4 Bg7 3. g3 d6 4. d4 Nd7 5. Bg2 e5 6. Nc3 Ne7 7. O-O O-O 8. dxe5
Nxe5 9. Nxe5 Bxe5 10. Bg5 f6 11. Bh6 Re8 12. Bd2 f5 13. Qc2 Nc6 14. e3 Be6 15.
Nd5 Bg7 16. f4 Ne7 17. Bc3 c6 18. Nf6+ Bxf6 19. Bxf6 Kf7 20. Qc3 Qb6 21. Bd4
Qd8 22. Rad1 d5 23. g4 b5 24. c5 a5 25. Bg7 Ng8 26. g5 Qe7 27. Bh8 Kf8 28. Be5
Qf7 29. Bf3 Ne7 30. Qd4 Ra7 31. Kf2 Nc8 32. h4 Qd7 33. h5 Bf7 34. Rh1 Re6 35.
Rh2 Qe8 36. Bg7+ Ke7 37. Rdh1 Kd8 38. hxg6 Bxg6 39. Bf6+ Kc7 40. Be5+ Kb7 41.
Bh5 Ka8 42. Bxg6 Qxg6 43. Rh6 Qg8 44. Rxe6 Qxe6 45. Rh6 Qe8 46. Qd3 Rf7 47. Qd2
Ra7 48. Kf3 Qd7 49. Qh2 d4 50. Bxd4 Qd5+ 51. Kg3 Qe4 52. Qg2 Qxg2+ 53. Kxg2 Re7
54. Be5 Rd7 55. Rxc6 Kb7 56. Rf6 Ne7 57. Kf3 Nc6 58. Rxf5 b4 59. Bd6 a4 60. Rd5
Ka6 61. b3 Kb5 62. e4 Ra7 63. f5 axb3 64. axb3 Ra3 65. f6 Rxb3+ 66. Kg4 Nd8 67.
Be7 Nf7 68. Kf5 Rg3 69. Ke6 Rxg5 70. Kxf7 Rxd5 71. exd5 b3 72. c6 b2 73. c7
b1=Q 74. c8=Q Qg6+ 75. Kf8 Qh6+ 76. Kg8 Qg5+ 77. Kh8 h5 78. Qg8 Qh6+ 79. Qh7
Qg5 80. Qg7 1-0

[Event "Ct. Catalunya eq DH"]
[Site "?"]
[Date "2013.03.02"]
[Round "7.6"]
[White "Martinez Ramirez, E."]
[Black "Garcia Paolicchi, R."]
[Result "1/2-1/2"]
[WhiteElo "2373"]
[BlackElo "2271"]
[PlyCount "95"]
[EventDate "2013.??.??"]
[EventType "tourn"]
[EventRounds "11"]

1. e4 d5 2. exd5 Qxd5 3. Nc3 Qa5 4. d4 Nf6 5. Nf3 Bf5 6. Ne5 c6 7. Bd2 Nbd7 8.
Qf3 e6 9. Nc4 Qd8 10. Ne3 Bg6 11. O-O-O Nb6 12. d5 $6 Nbxd5 (12... exd5 $15 13.
h4 h5 14. Nf5 Bxf5 15. Qxf5 Be7) 13. Ncxd5 Nxd5 14. Bc3 Qg5 $15 15. h4 Qf4 16.
Qxf4 Nxf4 17. Be5 Nd5 18. Nxd5 exd5 (18... cxd5) 19. c4 f6 20. Bf4 Bf7 21. Bd3
Be6 22. cxd5 cxd5 (22... Bxd5) 23. Kb1 Bc5 24. Rc1 Bb6 (24... Rc8 $142) 25.
Rhe1 Kf7 26. Rc2 (26. Be3) 26... a6 (26... Rac8 $15) 27. Be3 Ba5 28. Bd2 Bb6
29. Be3 Ba5 30. b4 Bd8 31. Bc5 g6 32. Rce2 Re8 33. g4 Bc7 34. h5 b6 (34... Be5
$15) 35. hxg6+ hxg6 36. Bd4 Bd7 37. Rxe8 Bxe8 38. g5 fxg5 39. Rh1 Ke6 (39...
Bd6 40. Rg1 (40. Rh7+ Ke6 41. Rb7 b5 42. Rb6 Kd7) 40... Be7 $15) 40. Rh6 b5 (
40... Bd6) 41. Bxg6 Bxg6+ 42. Rxg6+ Kf5 43. Rg7 Bf4 (43... Ke4 $17 44. Bf6 Bd6
45. Rxg5 Rf8 46. f3+ Kf4 47. Rg4+ Kxf3 48. Rg6) 44. f3 Ke6 (44... Rc8 $17) 45.
Rg6+ $11 Kd7 46. Rg7+ Ke6 47. Rg6+ Kd7 48. Rg7+ 1/2-1/2

[Event "Ct. Catalunya eq DH"]
[Site "?"]
[Date "2013.03.02"]
[Round "7.6"]
[White "Perez Mañas, B."]
[Black "Garrido Fernandez, D."]
[Result "1/2-1/2"]
[WhiteElo "2290"]
[BlackElo "2287"]
[PlyCount "138"]
[EventDate "2013.??.??"]
[EventType "tourn"]
[EventRounds "11"]

1. e4 c5 2. Nf3 Nc6 3. d4 cxd4 4. Nxd4 g6 5. c4 Bg7 6. Be3 Nf6 7. Nc3 O-O 8.
Be2 d6 9. O-O Nxd4 10. Bxd4 Bd7 11. Qd2 Bc6 12. f3 a5 13. Rad1 a4 14. Rfe1 Nd7
15. Bf2 Qa5 16. Nd5 Bxd5 17. Qxd5 Qxd5 18. Rxd5 Bxb2 19. Rb5 a3 20. Rxb7 Rfd8
21. Rd1 Rab8 22. Rb5 Rdc8 23. Kf1 Kf8 24. Ba7 Ra8 25. Be3 Rab8 26. Rdd5 h5 27.
Rxb8 Rxb8 28. Rb5 Rc8 29. Ke1 Nc5 30. Kd2 Na4 31. Bd3 Nc5 32. Bf1 Na4 33. Kc2
Nc3 34. Rb3 Nxa2 35. Bd2 Ra8 36. Rxb2 axb2 37. Kxb2 Kg7 38. Bd3 Kf6 39. f4 e5
40. g3 h4 41. fxe5+ Kxe5 42. Bb1 hxg3 43. hxg3 Kd4 44. Bxa2 Kxe4 45. Bf4 Ra6
46. Bb3 f6 47. Bc2+ Kd4 48. Bxg6 Kxc4 49. Bh5 Kd3 50. Bg6+ Kd4 51. Kb3 Rb6+ 52.
Kc2 d5 53. Bd2 Rc6+ 54. Kd1 Re6 55. Bf5 Re7 56. Bc1 Kc3 57. Bd2+ Kd4 58. Bf4
Kc3 59. g4 d4 60. Bd2+ Kc4 61. Kc2 Ra7 62. Bd3+ Kd5 63. Kd1 Rg7 64. Bf5 Re7 65.
Be1 Re3 66. Bh4 Ke5 67. Kd2 Rh3 68. Bf2 Rf3 69. Bg1 Rxf5 1/2-1/2

[Event "Ct. Catalunya eq DH"]
[Site "?"]
[Date "2013.03.02"]
[Round "7.6"]
[White "Ramirez Garcia, JA."]
[Black "Maroto Borras, JL."]
[Result "1-0"]
[WhiteElo "2309"]
[BlackElo "2226"]
[PlyCount "104"]
[EventDate "2013.??.??"]
[EventType "tourn"]
[EventRounds "11"]

1. e4 e6 2. d4 d5 3. Nc3 Bb4 4. exd5 exd5 5. Qf3 Nc6 6. Bb5 Nge7 7. Nge2 Bf5 8.
Bd3 Qd7 9. Bf4 O-O-O 10. O-O Ng6 11. Nb5 Bxd3 12. Qxd3 Nxf4 13. Nxf4 Qg4 14.
Ne2 Rhe8 15. f3 Qg6 16. Nf4 Qg5 17. g3 h5 18. a3 Be7 19. Nc3 h4 20. Kg2 hxg3
21. hxg3 Bd6 22. Nce2 Ne7 23. Nh3 Qf6 24. g4 Ng6 25. Ng3 Nh4+ 26. Kf2 c5 27.
Nh5 Qh6 28. dxc5 Bxc5+ 29. Kg3 g5 30. Rae1 Qd6+ 31. f4 f6 32. b4 Bb6 33. Qc3+
Kb8 34. Qxf6 Qc7 35. Nxg5 Rxe1 36. Rxe1 Qxc2 37. Qe5+ Bc7 38. Qe2 Qxe2 39. Rxe2
Ng6 40. Ne6 Rh8 41. Rc2 Bd6 42. Nhg7 d4 43. Nf5 d3 44. Rd2 Re8 45. Nxd6 Rxe6
46. Rxd3 Nf8 47. f5 Re1 48. Nb5 Re8 49. g5 a6 50. Nc3 Kc7 51. Nd5+ Kc6 52. g6
Re5 1-0

[Event "Ct. Catalunya eq DH"]
[Site "?"]
[Date "2013.03.02"]
[Round "7.7"]
[White "Draghici Flutor, G."]
[Black "Avila Jimenez, X."]
[Result "0-1"]
[WhiteElo "2207"]
[BlackElo "2336"]
[PlyCount "174"]
[EventDate "2013.??.??"]
[EventType "tourn"]
[EventRounds "11"]

1. e4 c6 2. d4 d5 3. e5 Bf5 4. h4 h5 5. Bg5 Qb6 6. Bd3 Qxd4 7. Nf3 Qg4 8. O-O
e6 9. Bxf5 Qxf5 10. c4 Nd7 11. cxd5 cxd5 12. Re1 Bc5 13. Nc3 Ne7 14. a3 Nc6 15.
b4 Bb6 16. Nb5 O-O 17. Nd6 Qg4 18. Nxb7 Nd4 19. Rc1 Rfc8 20. Nd6 Rxc1 21. Bxc1
Nxf3+ 22. Qxf3 Qxf3 23. gxf3 Bd4 24. f4 Nb6 25. Nb5 Ba1 26. Be3 d4 27. Nxd4 Bc3
28. Rc1 Nd5 29. Nb5 Nxe3 30. Rxc3 Nd5 31. Rc4 a5 32. Nc3 axb4 33. axb4 Ra1+ 34.
Kg2 Rc1 35. b5 Nxc3 36. b6 Rb1 37. Rxc3 Rxb6 38. Rc8+ Kh7 39. Rc7 Kg6 40. Kg3
Rb3+ 41. Kg2 Rb4 42. Kg3 Ra4 43. Re7 Ra3+ 44. Kg2 Rb3 45. Rc7 Rb4 46. Kg3 Rb1
47. Re7 Rg1+ 48. Kh3 Rg4 49. f3 Rxf4 50. Kg3 Ra4 51. Rc7 Ra5 52. Kf4 Ra1 53.
Rb7 Rh1 54. Kg3 Re1 55. Kf4 f6 56. exf6 e5+ 57. Kg3 gxf6 58. Rb6 Re3 59. Kf2
Ra3 60. Rc6 Kf5 61. Rb6 Ra2+ 62. Kg3 Ra3 63. Kf2 Ra1 64. Rc6 Rh1 65. Kg3 Rg1+
66. Kf2 Rg8 67. Ra6 Rd8 68. Rb6 Rd4 69. Kg3 Rd2 70. Ra6 Kg6 71. Rb6 Ra2 72. Rc6
Kf5 73. Rb6 Ra3 74. Kf2 Ra1 75. Rc6 Rh1 76. Kg3 Rg1+ 77. Kf2 Rg7 78. Rb6 Re7
79. Ra6 Re6 80. Ra5 Kf4 81. Ra4+ e4 82. fxe4 Rxe4 83. Ra6 f5 84. Rg6 Ke5 85.
Kg3 Rg4+ 86. Rxg4 hxg4 87. h5 Kf6 0-1

[Event "Ct. Catalunya eq DH"]
[Site "?"]
[Date "2013.03.02"]
[Round "7.7"]
[White "Gutierrez Clares, J."]
[Black "Castellet Giralt, G."]
[Result "1-0"]
[WhiteElo "2321"]
[BlackElo "2285"]
[PlyCount "64"]
[EventDate "2013.??.??"]
[EventType "tourn"]
[EventRounds "11"]

1. d4 d5 2. c4 e6 3. Nf3 Nf6 4. Nc3 Bb4 5. cxd5 exd5 6. Bg5 Nbd7 7. e3 c5 8. a3
Bxc3+ 9. bxc3 c4 10. Nd2 Qa5 11. Qc2 O-O 12. Be2 Re8 13. Bf3 Ne4 14. Bxe4 dxe4
15. Bf4 Qd5 16. O-O Nf8 17. Rab1 g5 18. Be5 f5 19. f3 exf3 20. e4 Qf7 21. Nxf3
Qg6 22. Qd2 f4 23. Qe2 b6 24. Qxc4+ Be6 25. d5 Bf7 26. Bd4 Rxe4 27. Ne5 Qf5 28.
Rbe1 Rxe1 29. Rxe1 Rd8 30. Qc7 Rxd5 31. Nxf7 Qg6 32. Ne5 h5 1-0